000 01080nam0a2200313 4500
001 RU\NLR\bibl\540962
005 20250609153742.0
010 _a5-7680-1881-6
_bв пер.
_9500
021 _aRU
_b2004-14031
_9721
035 _aRSL-KNO-002413737
035 _a(NLR Aleph) 000533206
090 _a1366322
_c1366322
100 _a20040325d2003 |||y0rusy50 ca
101 1 _arus
_ckrc
102 _aRU
105 _ay |||||||||
106 _ar
200 1 _aГолубой типчак
_eРоман
_aАлые травы
_eПовесть
_eПер. с балк.
_fЗейтун Толгуров
210 _aНальчик
_cЭльбрус
_d2003
_eПолиграфкомбинат им. Революции 1905 г.
215 _a386, [2] с.
_d21
686 _aШ5(2=Ба)7-644
_2rubbk
686 _aШ6(2=Ба)-44{Лх-балк 220}
700 1 _aТолгуров
_bЗ. Х.
_gЗейтун Хамитович
_4070
801 0 _aRU
_bRuMoRKP
_c20040325
_gPSBO
801 1 _aRU
_bRuMoRKP
_c20040325
801 2 _aRU
_bNLR
_c20040719
_gPSBO
942 _cBOOK
980 _aNB